00981nam a22002777a 450000100090000000300040000900500170001300800410003001000170007102000300008804000280011804200080014605000150015424501200016926400360028930000420032533600260036733700280039333800270042150400540044870000300050270000250053294200150055799900150057295201160058721825431OSt20240703072306.0240703b |||||||| |||| 00| 0 eng d a 2020951156 a9780128189696q(hardback) aKMUbengerdacKMUdKMU apcc aQL737.C42404aThe bowhead whale /cEdited by J.C George and J.G.M Thewissen bBalaena mysticetus: Biology and Human Interactions. 1aLondon:bAcademic Press,c2021. axxiii, 641p.:bill, some col.c25 cm. atextbtxt2rdacontent aunmediatedbn2rdamedia avolumebnc2rdacarrier aIncludes bibliographical references and an index.1 aJ.G.M Thewissen.eeditor.1 aGeorge J.C.eeditor. 2lcccBKn0 c1360d1360 00102lcc40708NFICaCPLbCPLcOAd2024-07-03l0oQL737.C424 Geop300820r2024-07-03 00:00:00w2024-07-03yBK